000 00269nam a2200109Ia 4500
008 220204s9999 xx 000 0 und d
082 _a301
_bPET
100 _aPeterson, W A
245 0 _aArt of living in the world today
260 _bSimon & Scuster
_c1969
942 _cBK
999 _c32088
_d32088